|
|
|
|
| LEADER |
00000nam0a2200000 4500 |
| 001 |
26668 |
| 005 |
20231030201732.0 |
| 010 |
|
|
|a 5883530702
|
| 035 |
|
|
|a (RuTPU)RU\TPU\book\26912
|
| 035 |
|
|
|a BOOK00026987
|
| 090 |
|
|
|a 26668
|
| 100 |
|
|
|a 20011209d2000 km y0rusy50 ca
|
| 101 |
1 |
|
|a rus
|c eng
|
| 102 |
|
|
|a RU
|
| 105 |
|
|
|a аb z 001zy
|
| 200 |
1 |
|
|a Звездное небо
|e Предания и новейшие знания о созвездиях, звездах и планетах
|e пер. с англ.
|f Дж. Корнелиус
|
| 210 |
|
|
|a Москва
|c [Б. и.]
|d 2000
|
| 215 |
|
|
|a 176 с.
|c ил., карты
|
| 320 |
|
|
|a Библиогр.: с. 176.
|
| 320 |
|
|
|a Глоссарий: с. 170-171.
|
| 320 |
|
|
|a Указ.: с. 172-175.
|
| 320 |
|
|
|a Указ. латин. названий созвездий: с. 175.
|
| 610 |
1 |
|
|a астрономия
|
| 610 |
1 |
|
|a звезды
|
| 610 |
1 |
|
|a звездные системы
|
| 610 |
1 |
|
|a планеты
|
| 610 |
1 |
|
|a карты
|
| 675 |
|
|
|a 524
|v 3
|
| 700 |
|
1 |
|a Корнелиус
|b Дж.
|g Джеффри
|
| 801 |
|
0 |
|a RU
|b 63413507
|c 20011209
|g PSBO
|
| 801 |
|
2 |
|a RU
|b 63413507
|c 20110920
|g RCR
|
| 942 |
|
|
|c BK
|